000 00295nam a22001337a 4500
008 181023b xxu||||| |||| 00| 0 eng d
020 _a9781337111393
041 _aeng
080 _26th
_a510
100 _a36
101 _aMAT
245 _aFunctions and Change
_cCrauder,B
942 _2udc
_cBK
999 _c50637
_d50637